Cinéma (notice n° 2066508)

détails MARC
000 -LEADER
fixed length control field 00814cam a2200157 4500500
005 - DATE AND TIME OF LATEST TRANSACTION
control field 20260405003324.0
041 ## - LANGUAGE CODE
Language code of text/sound track or separate title fre
042 ## - AUTHENTICATION CODE
Authentication code dc
100 10 - MAIN ENTRY--PERSONAL NAME
Personal name Mambrino, Jean
Relator term author
245 00 - TITLE STATEMENT
Title Cinéma
260 ## - PUBLICATION, DISTRIBUTION, ETC.
Date of publication, distribution, etc. 2002.<br/>
500 ## - GENERAL NOTE
General note 63
520 ## - SUMMARY, ETC.
Summary, etc. Résumé« Quand le canari de mes parents chantait, de drôles de petites lumières vivement colorées apparaissaient dans l’évier de la cuisine. Mon père m’a dit : “Ce sont les spectres de la lumière.” C’est étonnant ce que peut faire un oiseau ! Quand le chant du canari s’arrêtait, les spectres disparaissaient... et le soleil avait cessé d’éclairer sa cage. »
786 0# - DATA SOURCE ENTRY
Note Études | 396 | 1 | 2002-01-01 | p. 109-115 | 0014-1941
856 41 - ELECTRONIC LOCATION AND ACCESS
Uniform Resource Identifier <a href="https://shs.cairn.info/revue-etudes-2002-1-page-109?lang=fr&redirect-ssocas=7080">https://shs.cairn.info/revue-etudes-2002-1-page-109?lang=fr&redirect-ssocas=7080</a>

Pas d'exemplaire disponible.

PLUDOC

PLUDOC est la plateforme unique et centralisée de gestion des bibliothèques physiques et numériques de Guinée administré par le CEDUST. Elle est la plus grande base de données de ressources documentaires pour les Étudiants, Enseignants chercheurs et Chercheurs de Guinée.

Adresse

627 919 101/664 919 101

25 boulevard du commerce
Kaloum, Conakry, Guinée

Réseaux sociaux

Powered by Netsen Group @ 2025